000 00304nam a22001337a 4500
003 MPLRDC
005 20220104184753.0
008 210129b ||||| |||| 00| 0 eng d
082 _aDISC
100 _a侯文咏
245 _a顽皮故事集--1 DISC
_c
650 _a现代别集
942 _cCDA
_oDISC
999 _c63024
_d63014